| 000 | 00631nam a22001817a 4500 | ||
|---|---|---|---|
| 005 | 20231214063414.0 | ||
| 008 | 231214b |||||||| |||| 00| 0 eng d | ||
| 020 | _a9781485137658 | ||
| 041 | _aEnglish | ||
| 082 | _a346.47 NCU | ||
| 100 |
_aNcube, CB _lEnglish |
||
| 245 |
_aScience, Technology & Innovation and Intellectual Property : _bLeveraging Openness for Sustainable Development in Africa / _cCB Ncube |
||
| 250 | _aFirst Edition | ||
| 260 |
_aCape Town : _bJuta and Company, _c2021 |
||
| 300 |
_bxxii, 213 pages ; _c25,5 cm. |
||
| 650 |
_aLegal practice _bLaw |
||
| 942 |
_cBK _6ALISON_BN_VRIES |
||
| 999 |
_c1192 _d1192 |
||